Health 2000 /

Describes how the body works and discusses the importance of keeping in good health. Also examines advances in medical technology and its impact on the future health of the population of the world.

Bibliographic Details
Main Author: Taylor, Ron (Ron B.)
Format: Book
Language:English
Published: New York, N.Y. : Facts on File, [1985]
Series:Your world 2000.
Subjects:

MARC

Tag First Indicator Second Indicator Subfields
LEADER 00000cam a2200000 a 4500
001 in00000014028
005 20151007052125.0
008 840910s1985 nyua j 00110 eng
010 |a  84021088  
020 |a 0816011567 
035 |a (OCoLC)11212605 
035 |9 AAA6378AM 
040 |a DLC  |c DLC  |d VET  |d m/c  |d TXA  |d UtOrBLW 
049 |a [Curr Col] TXAM  |c [A08617565] 
050 0 0 |a RA776  |b .T268 1985 
082 0 |a 613  |2 19 
100 1 |a Taylor, Ron  |q (Ron B.) 
245 1 0 |a Health 2000 /  |c [Ron Taylor]. 
264 1 |a New York, N.Y. :  |b Facts on File,  |c [1985] 
264 4 |c ©1985 
300 |a 58 pages :  |b illustrations (some color) ;  |c 30 cm. 
336 |a text  |b txt  |2 rdacontent 
337 |a unmediated  |b n  |2 rdamedia 
338 |a volume  |b nc  |2 rdacarrier 
490 1 |a [Your world 2000] 
500 |a Spine title: Health. 
500 |a Series statement from jacket. 
500 |a Includes index. 
520 |a Describes how the body works and discusses the importance of keeping in good health. Also examines advances in medical technology and its impact on the future health of the population of the world. 
650 0 |a Health  |v Juvenile literature. 
650 0 |a World health  |x Juvenile literature. 
650 0 |a Human physiology  |v Juvenile literature. 
650 0 |a Quality of life  |x Juvenile literature. 
650 1 |a Health. 
650 1 |a Human physiology. 
740 0 |a Health. 
830 0 |a Your world 2000. 
999 |a MARS 
999 f f |s 8f74bee2-ccc4-3071-b7c6-969cbfb64e4b  |i 3a6e851d-7631-39c2-8d1f-e32ed28adaa3  |t 0 
952 f f |p ric  |a Texas A&M University  |b Rellis Campus  |c Joint Library Facility  |d Remote Storage  |t 0  |e RA776 .T268 1985  |h Library of Congress classification  |i unmediated -- volume  |m A14808617565 
998 f f |a RA776 .T268 1985  |t 0  |l Remote Storage